| 000 | 00968nam a22003017a 4500 | ||
|---|---|---|---|
| 003 | CHAP | ||
| 005 | 20220329135509.0 | ||
| 008 | 971013s r 00010 d | ||
| 010 | _a37560 | ||
| 011 | _a38532 | ||
| 035 | _a42652 | ||
| 040 | _cCHAP | ||
| 090 | _aR-3110 | ||
| 100 | 0 | 0 |
_aPartohardjono, S. _985820 |
| 245 | _aEffect of transplanting time on yield and yield components of lowland rice | ||
| 500 | _aSobretiro de: Contributions : Central Research Institute for Food Crops, Bogor, No. 66:12-20, 1981. | ||
| 590 |
_aBATCH-UPD _b10 _c20130109 _lUCH01 _h2330 |
||
| 590 |
_aBATCH-UPD _b10 _c20130110 _lUCH01 _h2026 |
||
| 590 |
_aCONVERSION _b10 _c20130109 _lUCH01 _h1321 |
||
| 650 | 1 | 4 |
_aArroz _xFechas de siembra. _97608 |
| 650 | 1 | 4 |
_aArroz _xRendimiento. _97651 |
| 650 | 1 | 4 |
_aArroz _xTrasplante. _97665 |
| 700 | 0 |
_aHendrik, V. _953561 |
|
| 700 | 0 |
_aIshikura, N. _960557 |
|
| 901 | _aBK | ||
| 942 | _cREIMP | ||
| 949 |
_aR-3110 _bBC _cR _d-98111 _eTS1 _i42652 _si |
||
| 999 |
_c37560 _d37560 |
||